L'institut catholique de Paris et la formation d'une élite intellectuelle et sociale / (Record no. 41426)

MARC details
000 -LEADER
campo de control de longitud fija 00470nam a2200145 i 4500
001 - NÚMERO DE CONTROL
campo de control 41426
003 - IDENTIFICADOR DE NÚMERO DE CONTROL
campo de control ES-MaACL
005 - FECHA Y HORA DE LA ÚLTIMA TRANSACCIÓN
campo de control 20230906160428.0
007 - CAMPO FIJO DE DESCRIPCIÓN FÍSICA--INFORMACIÓN GENERAL
campo de control de longitud fija t|
008 - DATOS DE LONGITUD FIJA--INFORMACIÓN GENERAL
campo de control de longitud fija 030310s1921 fr ||||1| fre d
100 1# - ENTRADA PRINCIPAL--NOMBRE DE PERSONA
Nombre de persona Castelnau
Títulos y otros términos asociados al nombre Général de.
9 (RLIN) 36609
245 12 - MENCIÓN DEL TÍTULO
Título L'institut catholique de Paris et la formation d'une élite intellectuelle et sociale /
Mención de responsabilidad, etc. Général de Castelnau.
260 ## - PUBLICACIÓN, DISTRIBUCIÓN, ETC.
Lugar de publicación, distribución, etc. Poitiers :
Nombre del editor, distribuidor, etc. [s.n.,
Fecha de publicación, distribución, etc. 1921] (
Fabricante Imp. Marc Tevier)
852 ## - LOCALIZACIÓN
Ubicación ES-MaACL
Número de control de estantería 1610-F-8
Holdings
Estatus retirado Estado de pérdida Estado de daño No para préstamo Colección Biblioteca de origen Biblioteca actual Ubicación en estantería Fecha de adquisición Fuente de adquisición Total de préstamos Signatura topográfica completa Código de barras Visto por última vez Precio de reemplazo Tipo de ítem Koha
        Colección de folletos Biblioteca del Ateneo de Madrid Biblioteca del Ateneo de Madrid Depósito folletos 17/01/2008     1610-F-8 1043611 23/02/2023 23/02/2023 Folleto